000 00580nam a2200145 a 4500
008 130419s2010 ||||||||||||||||| || u
020 _a9780550106841
050 _aREF AG 106 Cha
100 _aRodger, Liam
245 1 0 _aChambers book of facts
_cedited by Liam Rodger
260 _aEdinburgh:
_bChambers Harrap Publishers Ltd
_c2010
300 _axiii, 975p.: ill.
650 _aHANDBOOKS, VADE-MECUMS, ETC.--PERIODICALS
995 _FCBU-MAIN LIBRARY (Kitwe)
_M1
_UAVAILABLE
_WJul 9, 2013
_ZMain Library Open Access Collection
999 _c37048
_d37048